Statistics for 90s UK Indie Bands

Click here to take the quiz!

General Stats

  • This quiz has been taken 162 times
  • The average score is 8 of 20

Answer Stats

First letterSong titleBand name% Correct
VBitter Sweet SymphonyThe Verve
92%
PDisco 2000Pulp
84%
OWhateverOasis
82%
LThere She GoesThe La's
71%
NWorld In MotionNew Order
62%
HStep OnHappy Mondays
61%
CMulder and ScullyCatatonia
53%
FAll Together NowThe Farm
46%
BBluetonicThe Bluetones
45%
AKung FuAsh
36%
JSometimesJames
35%
DIn A RoomDodgy
30%
EStutterElastica
30%
MStripper VicarMansun
29%
TWriting To Reach YouTravis
28%
IDragging Me DownInspiral Carpets
18%
RVapour TrailRide
16%
SGod! Show Me MagicSuper Furry Animals
13%
KPunkaKenickie
12%
GNo One SpeaksGeneva
2%

Score Distribution

Percentile by Number Answered

Percent of People with Each Score

Your Score History

You have not taken this quiz